[Event "Manizales op 28th"]
[Site "Manizales"]
[Date "2023.01.08"]
[Round "7"]
[White "Cardona Marin, Fabio"]
[Black "Lopez Lopez, William Andres"]
[Result "1-0"]
[WhiteElo "1890"]
[BlackElo "1594"]
[PlyCount "57"]
[EventDate "2023.01.05"]
[EventType "swiss"]
[EventRounds "8"]
[EventCountry "COL"]
[SourceTitle "CBM 212 Extra"]
[Source "ChessBase"]
[SourceDate "2023.03.31"]
[SourceVersion "1"]
[SourceVersionDate "2023.03.31"]
[SourceQuality "1"]

1. Nf3 Nf6 2. b3 d5 3. Bb2 Bg4 4. e3 Nbd7 5. Be2 c5 6. Ne5 Bxe2 7. Qxe2 e6 8. Nxd7 Qxd7 9. d3 a5 10. Nd2 Bd6 11. e4 Bf4 12. Rd1 Bxd2+ 13. Rxd2 d4 14. f4 b5 15. 0-0 0-0 16. g4 g6 17. Qf3 b4 18. Rg2 a4 19. Bc1 axb3 20. axb3 Ra1 21. f5 Qe7 22. Kh1 Rfa8 23. Rgg1 R8a6 24. Bg5 Rxf1 25. Rxf1 exf5 26. gxf5 Kg7 27. Qf4 Qd6 28. Qxd6 Rxd6 29. e5 1-0

[Event "Manizales Americas op"]
[Site "Manizales"]
[Date "2022.10.15"]
[Round "3"]
[White "Lopez Lopez, William Andres"]
[Black "Molina Valdes, Luisa Fernanda"]
[Result "1-0"]
[WhiteElo "1534"]
[BlackElo "1603"]
[PlyCount "67"]
[EventDate "2022.10.14"]
[EventType "swiss"]
[EventRounds "8"]
[EventCountry "COL"]
[SourceTitle "CBM 210 Extra"]
[Source "ChessBase"]
[SourceDate "2022.11.30"]
[SourceVersion "1"]
[SourceVersionDate "2022.11.30"]
[SourceQuality "1"]

1. e4 e5 2. Nf3 Nf6 3. Nc3 d6 4. Bc4 Be7 5. d4 exd4 6. Nxd4 0-0 7. 0-0 Nxe4 8. Nxe4 d5 9. Nb5 c6 10. Bf4 cxb5 11. Bxd5 Nc6 12. Qh5 Nb4 13. Bb3 Qd7 14. Rfd1 Qf5 15. Qxf5 Bxf5 16. Nd6 Bxc2 17. Bxc2 Nxc2 18. Rac1 Nb4 19. a3 Na6 20. Nxb5 Bf6 21. b4 Rfd8 22. g3 h6 23. Kg2 Rac8 24. Nxa7 Rxc1 25. Rxd8+ Bxd8 26. Bxc1 Nc7 27. Bf4 Nd5 28. Bd6 Nc3 29. f4 f5 30. Nc8 Kf7 31. Be5 Nb5 32. a4 Nc7 33. Nd6+ Ke7 34. Nxb7 1-0

[Event "Manizales Departamental-ch 2nd"]
[Site "Manizales"]
[Date "2022.07.17"]
[Round "6"]
[White "Molina Valdes, Luisa Fernanda"]
[Black "Lopez Lopez, William Andres"]
[Result "1-0"]
[WhiteElo "1616"]
[BlackElo "1534"]
[PlyCount "40"]
[EventDate "2022.07.14"]
[EventType "swiss"]
[EventRounds "7"]
[EventCountry "COL"]
[SourceTitle "EXT 2024"]
[Source "ChessBase"]
[SourceDate "2023.10.10"]
[SourceVersion "1"]
[SourceVersionDate "2023.10.10"]
[SourceQuality "1"]

1. e4 e5 2. Nf3 Nf6 3. Nc3 Bb4 4. d3 h6 5. Nxe5 Qe7 6. Nf3 d5 7. e5 Nfd7 8. d4 c5 9. Be3 Nc6 10. Bb5 cxd4 11. Nxd4 Ndxe5 12. 0-0 Bxc3 13. bxc3 0-0 14. Nb3 Qe6 15. Bc5 Rd8 16. Re1 Qg4 17. Qxg4 Bxg4 18. Nd4 a6 19. Bf1 Nc4 20. Rab1 b5 1-0

[Event "Manizales Departamental-ch 2nd"]
[Site "Manizales"]
[Date "2022.07.15"]
[Round "3"]
[White "Lopez Lopez, William Andres"]
[Black "Gutierrez, Jhon Jaime"]
[Result "1-0"]
[WhiteElo "1534"]
[BlackElo "1747"]
[PlyCount "101"]
[EventDate "2022.07.14"]
[EventType "swiss"]
[EventRounds "7"]
[EventCountry "COL"]
[SourceTitle "EXT 2024"]
[Source "ChessBase"]
[SourceDate "2023.10.10"]
[SourceVersion "1"]
[SourceVersionDate "2023.10.10"]
[SourceQuality "1"]

1. Nf3 e6 2. d4 d5 3. c4 c6 4. Nc3 f5 5. cxd5 exd5 6. Bg5 Nf6 7. e3 Bd6 8. Ne5 0-0 9. f4 Qa5 10. Bd3 Ne4 11. Bxe4 fxe4 12. 0-0 Nd7 13. a3 Nf6 14. b4 Qc7 15. Rc1 Qe7 16. h4 Qe8 17. Qe2 Nd7 18. h5 Nb6 19. h6 g6 20. Kh1 Be6 21. b5 Bxa3 22. Ra1 Bb4 23. Na2 Bd6 24. bxc6 bxc6 25. Rfc1 Bxe5 26. fxe5 Nc4 27. Nc3 Bf5 28. Na4 Be6 29. Nc5 Rf5 30. Bf4 Rh5+ 31. Kg1 g5 32. g4 Rxh6 33. Nxe6 Qxe6 34. Bg3 Rg6 35. Rf1 a5 36. Rf5 a4 37. Raf1 a3 38. Be1 Qe7 39. Qf2 Rg7 40. Bb4 Qxb4 41. Rf7 Qe7 42. Rxe7 Rxe7 43. Qf6 Rc7 44. Rf5 Rg7 45. Qxc6 Rd8 46. Qe6+ Kh8 47. Qf6 Rdg8 48. Kf2 Rb8 49. Rxg5 Rbg8 50. e6 a2 51. Rxg7 1-0